000 00330 a2200157 4500
001 190839
020 _a85-86008-11-7
040 _cMagnum
100 _aOrthof, Sylvia
240 1 0 _aHistória engatada
_lpor
245 1 0 _aHistória engatada
300 _a14
362 0 _a1997
697 _aLITERATURA INFANTIL
942 _cBK
999 _c190839
_d190839